[Event "Xativa Murta op 5th"]
[Site "Xativa"]
[Date "2019.07.21"]
[Round "9"]
[White "Crespo Calatayud, Santiago"]
[Black "Gukasov, Yuriy"]
[Result "1-0"]
[WhiteElo "1758"]
[BlackElo "1290"]
[PlyCount "69"]
[EventDate "2019.07.15"]
[EventType "swiss"]
[EventRounds "9"]
[EventCountry "ESP"]
[SourceTitle "EXT 2020"]
[Source "ChessBase"]
[SourceDate "2019.10.17"]
[SourceVersion "1"]
[SourceVersionDate "2019.10.17"]
[SourceQuality "1"]

1. d4 d5 2. Bf4 e6 3. e3 Nc6 4. c3 Be7 5. Nf3 b6 6. Bd3 h6 7. Nbd2 g5 8. Bg3 Bd6 9. Qe2 Bxg3 10. hxg3 a6 11. 0-0-0 Bb7 12. e4 f6 13. exd5 Qxd5 14. Bc4 Qd6 15. Bxe6 Qe7 16. Rhe1 h5 17. Qd3 Ne5 18. Nxe5 Qxe6 19. Ng6 0-0-0 20. Rxe6 Rh7 21. Qf5 Kb8 22. Rde1 Bc8 23. Nf8 Rf7 24. Qg6 Rfxf8 25. Re8 Bd7 26. Rxf8 Rxf8 27. Qg7 Rd8 28. Ne4 f5 29. Nxg5 Kc8 30. Nf7 Re8 31. Rxe8+ Bxe8 32. Qxg8 Kd7 33. Ne5+ Ke7 34. Qg7+ Kd8 35. Qf6+ 1-0

[Event "Xativa Murta op 5th"]
[Site "Xativa"]
[Date "2019.07.16"]
[Round "3"]
[White "Gukasov, Yuriy"]
[Black "Fernandez Sanchez, Vicente"]
[Result "0-1"]
[WhiteElo "1290"]
[BlackElo "1703"]
[PlyCount "116"]
[EventDate "2019.07.15"]
[EventType "swiss"]
[EventRounds "9"]
[EventCountry "ESP"]
[SourceTitle "EXT 2020"]
[Source "ChessBase"]
[SourceDate "2019.10.17"]
[SourceVersion "1"]
[SourceVersionDate "2019.10.17"]
[SourceQuality "1"]

1. e4 c6 2. Nf3 d5 3. exd5 cxd5 4. Bb5+ Bd7 5. Nc3 a6 6. Ba4 Nf6 7. 0-0 Bxa4 8. Nxa4 Nbd7 9. d4 Qc7 10. Nc3 e6 11. Re1 Bd6 12. g3 Rc8 13. Bg5 0-0 14. a3 b5 15. Qd2 b4 16. axb4 Bxb4 17. Bxf6 Nxf6 18. Qd3 Bxc3 19. bxc3 Qxc3 20. Rxa6 Qxc2 21. Qa3 Rc3 22. Qa4 Qxa4 23. Rxa4 Rxf3 24. Kg2 Rc3 25. Re3 Rc4 26. Rea3 Rfc8 27. Ra8 Ne8 28. Kf3 Kf8 29. Rxc8 Rxc8 30. Ra7 Rc7 31. Ra8 Ke7 32. Kf4 Nd6 33. h4 Nb5 34. Rh8 Nxd4 35. Rxh7 Rc4 36. Ke3 Nf5+ 37. Kf3 e5 38. g4 e4+ 39. Ke2 Nd4+ 40. Ke3 Ne6 41. Kd2 d4 42. Rh5 e3+ 43. fxe3 dxe3+ 44. Kxe3 Rxg4 45. Rh7 Rg3+ 46. Kf2 Rh3 47. Kg2 Nf4+ 48. Kf2 g5 49. Rg7 Rxh4 50. Kf3 Ng6 51. Rg8 Rh8 52. Rxh8 Nxh8 53. Kg4 Kf6 54. Kh3 Kf5 55. Kg3 g4 56. Kh2 Kf4 57. Kg1 Kg3 58. Kh1 Kf2 0-1